000 00743nam a2200229Ii 4500
003 JO-AjNU
008 230605s9999||||xx |||||||||||||| ||und||
017 _a86/2761
020 _a977-10-0213-9
040 _aJO-AjNU
_bara
_erda
_cJO-AjNU
041 _aara
050 1 4 _aK2261.S87.1986
100 3 _a سرور، محمد شكري ,
_eauthor
_946826
245 0 0 _aموجز أصول الإثبات فى المواد المدنية والتجارية
250 _a(د،ط)
264 3 1 _aالقاهرة : دار الفكر العربي ، 1986
300 _a200ص
336 _atext
_btxt
_2rdacontent
337 _aunmediated
_bn
_2rdamedia
338 _avolume
_bnc
_2rdacarrier
650 4 _aاثبات -- قانون مدني
_946827
999 _aA20399
_c23967
_d23967